000 01226nam a2200337Ia 4500
001 Z_6261
003 CHAP
008 220113s2011 xx 000 0 und d
010 _a169516
040 _cCHAP
090 _aTesis E87 2219
100 _aEspinoza Velasco, Bernardino
_9144363
245 _aManipulación del colesterol y lípidos totales en el huevo de gallinas suplementadas con cobre y cromo /
_cBernardino Espinoza Velasco y Yaneth López Mora
260 _aChapingo, México :
_bEl autor,
_c2011
300 _a69 h.
502 _aTesis (Ingeniero Agrónomo Especialista en Zootecnia) -- UACh, 2011 \ Dirección: Mariano J. González Alcorta ; asesoría: Agustín Ruíz Flores y Luis Alberto Miranda Romero
650 _aColesterol
_925130
650 _aGallinas ponedoras
_9144364
650 _aLípidos
_967487
650 _aSuplementos
_xcobre
_xcromo
_9144365
700 _a González Alcorta, Mariano J. director
_9144366
700 1 _a Miranda Romero, Luis Alberto
_9142242
700 _a Ruíz Florez, Agustín, asesor
_9144367
700 _aLópez Mora, Yaneth, coaut.
_9144368
901 _aTESIS E87 2219
902 _aM
910 _a2011
942 _c2
942 _c2
999 _c169516
_d169516